[Event "Madrid-ch superveteranos 2016/2017"]
[Site "Madrid ESP"]
[Date "2017.01.26"]
[Round "5.8"]
[White "Garcia Peco, Antonio"]
[Black "Albo Benarroch, Angel"]
[Result "0-1"]
[WhiteElo "1488"]
[BlackElo "1784"]
[PlyCount "98"]
[EventDate "2017.01.20"]
[EventType "swiss"]
[EventRounds "7"]
[EventCountry "ESP"]
[SourceTitle "Ajedrez en Madrid"]
[Source "lmi"]
[SourceDate "2017.01.20"]
[SourceVersion "1"]
[SourceVersionDate "2017.01.31"]
[SourceQuality "1"]

1. e4 c5 2. Bc4 e6 3. Nf3 Nc6 4. a3 Be7 5. O-O d6 6. c3 Nf6 7. d3 O-O 8. Bg5 e5
9. h3 h6 10. Bh4 a6 11. Bb3 b5 12. Nbd2 Bb7 13. Qe2 Nh7 14. Bxe7 Qxe7 15. Nh2
Kh8 16. f4 f6 17. f5 Bc8 18. Qh5 Bd7 19. Ndf3 Rfd8 20. Qf7 Qxf7 21. Bxf7 Be8
22. Bd5 Rac8 23. g4 Rc7 24. Kf2 Bf7 25. Bxf7 Rxf7 26. Ke3 d5 27. exd5 Rxd5 28.
Rad1 Rfd7 29. Rd2 Ng5 30. Nxg5 hxg5 31. Nf3 Kg8 32. Rfd1 Na5 33. b4 Nb3 34. Rb2
c4 35. d4 exd4+ 36. Rxd4 Nxd4 37. Nxd4 Re5+ 38. Kf3 Kf7 39. Re2 Rxe2 40. Kxe2
Re7+ 41. Kf3 Re1 42. Ne6 Ra1 43. Ke4 Rxa3 44. Kd4 Ra1 45. Nc5 Rd1+ 46. Ke4 Rd6
47. Nb7 Rd3 48. Nc5 Rxc3 49. Nxa6 Rxh3 0-1

[Event "Madrid-ch superveteranos 2016/2017"]
[Site "Madrid ESP"]
[Date "2017.01.26"]
[Round "5.9"]
[White "Buergo Villanueva, Fernando"]
[Black "Leniz Martinez, Francisco"]
[Result "0-1"]
[WhiteElo "1290"]
[BlackElo "1721"]
[PlyCount "70"]
[EventDate "2017.01.20"]
[EventType "swiss"]
[EventRounds "7"]
[EventCountry "ESP"]
[SourceTitle "Ajedrez en Madrid"]
[Source "lmi"]
[SourceDate "2017.01.20"]
[SourceVersion "1"]
[SourceVersionDate "2017.01.31"]
[SourceQuality "1"]

1. d4 Nf6 2. Nf3 b6 3. e3 Bb7 4. Bd3 d5 5. Nbd2 e6 6. c3 Be7 7. Qe2 Nbd7 8. e4
dxe4 9. Nxe4 Nxe4 10. Bxe4 Bxe4 11. Qxe4 O-O 12. O-O Nf6 13. Qc6 Qd6 14. Qc4
Rac8 15. g3 c5 16. Bf4 Qd7 17. Rad1 Qb7 18. Ne5 cxd4 19. Qxd4 Rfd8 20. Qa4 h6
21. Rxd8+ Rxd8 22. g4 b5 23. h4 bxa4 24. g5 hxg5 25. Bxg5 Nd5 26. Bxe7 Nxe7 27.
Nc4 Qe4 28. Ne3 Nf5 29. Ng2 Qf3 30. Ne1 Qe2 31. Ng2 Rd1 32. Rxd1 Qxd1+ 33. Kh2
Qg4 34. b3 Nxh4 35. Ne3 Nf3+ 0-1

[Event "Madrid-ch superveteranos 2016/2017"]
[Site "Madrid ESP"]
[Date "2017.01.26"]
[Round "5.10"]
[White "Sanchez Lucena, Juan"]
[Black "Martinez Rubio, Felipe"]
[Result "0-1"]
[WhiteElo "1431"]
[BlackElo "1706"]
[PlyCount "129"]
[EventDate "2017.01.20"]
[EventType "swiss"]
[EventRounds "7"]
[EventCountry "ESP"]
[SourceTitle "Ajedrez en Madrid"]
[Source "lmi"]
[SourceDate "2017.01.20"]
[SourceVersion "1"]
[SourceVersionDate "2017.01.31"]
[SourceQuality "1"]

1. d4 e6 2. a3 f5 3. e3 Nf6 4. Nf3 d5 5. c4 c6 6. Nc3 Bd6 7. c5 Bc7 8. Bd2 O-O
9. Ne2 Qe7 10. Ng3 Ne4 11. Bc1 Nd7 12. b4 Ndf6 13. Nxe4 fxe4 14. Ne5 Nd7 15.
Nxd7 Bxd7 16. g3 Qf6 17. Ra2 e5 18. Bg2 exd4 19. exd4 Rae8 20. O-O Qg6 21. Qb3
Rf6 22. Re2 Kh8 23. Qe3 h6 24. Qc3 Qh5 25. Re3 Qf7 26. Qe1 Qf8 27. f4 Bg4 28.
Rf2 Qf7 29. Bf1 Rf8 30. Be2 Bxe2 31. Rexe2 Qg6 32. Rg2 Qg4 33. Ref2 Qh3 34. Qe2
Qd7 35. Be3 Bd8 36. g4 R6f7 37. h3 Bh4 38. Rf1 Qc7 39. Kh1 b6 40. cxb6 axb6 41.
Rgg1 Be7 42. g5 Qd6 43. gxh6 Qxh6 44. Qg4 Kg8 45. Rg2 Kh7 46. Rh2 Bg5 47. Rg2
Bf6 48. Rh2 Be7 49. Bc1 Qg6 50. Qxg6+ Kxg6 51. Rg2+ Kf5 52. Rg4 Rh8 53. Kg2 Rh4
54. Kg3 Rh6 55. Rh1 Rh5 56. Rh2 Bf6 57. Be3 Rf8 58. Rc2 Rfh8 59. Rh2 Bh4+ 60.
Kg2 R8h7 61. a4 Be1 62. a5 bxa5 63. bxa5 Bxa5 64. h4 Kxg4 65. Bf2 0-1

[Event "Madrid-ch superveteranos 2016/2017"]
[Site "Madrid ESP"]
[Date "2017.01.26"]
[Round "5.11"]
[White "Martin Rodriguez, Jose Luis"]
[Black "Rodriguez Bachiller, Luis"]
[Result "0-1"]
[WhiteElo "1327"]
[BlackElo "1657"]
[PlyCount "74"]
[EventDate "2017.01.20"]
[EventType "swiss"]
[EventRounds "7"]
[EventCountry "ESP"]
[SourceTitle "Ajedrez en Madrid"]
[Source "lmi"]
[SourceDate "2017.01.20"]
[SourceVersion "1"]
[SourceVersionDate "2017.01.31"]
[SourceQuality "1"]

1. c4 e5 2. Nc3 Bb4 3. Nf3 Nc6 4. g3 Nf6 5. e3 Bxc3 6. dxc3 d6 7. Bg2 O-O 8.
O-O Be6 9. b3 h6 10. Re1 Qc8 11. e4 Bh3 12. Be3 Bxg2 13. Kxg2 Ng4 14. Bd2 Ne7
15. h3 Nf6 16. Nh2 Ng6 17. Rf1 Nxe4 18. Nf3 Nxd2 19. Qxd2 f5 20. Rfe1 Qe6 21.
Qd5 Qxd5 22. cxd5 f4 23. g4 Rae8 24. Re4 Ne7 25. c4 Kh7 26. h4 g6 27. Rh1 Ng8
28. g5 h5 29. Rhe1 Ne7 30. Ng1 Nf5 31. Kh3 Nd4 32. Ne2 Nc2 33. Rc1 Nb4 34. Ra1
f3 35. Nc1 Rf4 36. Re1 Ref8 37. Kg3 Nc2 0-1

[Event "Madrid-ch superveteranos 2016/2017"]
[Site "Madrid ESP"]
[Date "2017.01.26"]
[Round "5.12"]
[White "Perez Cameselle, Francisco Jose"]
[Black "Perez Gonzalez, Jesus Miguel"]
[Result "1-0"]
[WhiteElo "1790"]
[BlackElo "1634"]
[PlyCount "112"]
[EventDate "2017.01.20"]
[EventType "swiss"]
[EventRounds "7"]
[EventCountry "ESP"]
[SourceTitle "Ajedrez en Madrid"]
[Source "lmi"]
[SourceDate "2017.01.20"]
[SourceVersion "1"]
[SourceVersionDate "2017.01.31"]
[SourceQuality "1"]

1. e4 d6 2. d4 g6 3. Nc3 Bg7 4. f4 Nd7 5. Nf3 c5 6. Be2 cxd4 7. Nxd4 e5 8. Ndb5
Bf8 9. Nxd6+ Bxd6 10. Qxd6 Qf6 11. Qxf6 Ngxf6 12. Be3 exf4 13. Bxf4 a6 14.
O-O-O O-O 15. e5 Nh5 16. Bxh5 gxh5 17. Rd3 Nc5 18. Rg3+ Kh8 19. Bh6 Rg8 20.
Rxg8+ Kxg8 21. Nd5 f6 22. Nxf6+ Kf7 23. Rf1 Kg6 24. Be3 Ne6 25. Rd1 b5 26. h4
Kf5 27. Nxh5 Kxe5 28. g4 Bb7 29. Rd7 Bf3 30. Rxh7 Bxg4 31. Ng3 Rf8 32. Kd2 Rf3
33. Ne2 Rh3 34. Nc1 Rh2+ 35. Kc3 Rh3 36. Nd3+ Kd6 37. Bd4 Kd5 38. Bf6 Nc5 39.
Bd8 Ne4+ 40. Kb4 Rh2 41. Ka3 Nd2 42. b3 Ne4 43. Ra7 Bc8 44. Nb4+ Ke6 45. Rc7
Bd7 46. Nxa6 Rh3 47. Nc5+ Nxc5 48. Rxc5 Kd6 49. Kb4 Be8 50. c4 bxc4 51. Rxc4
Re3 52. Bb6 Rh3 53. a4 Bf7 54. Rc3 Rh1 55. a5 Ra1 56. Kb5 Ra3 1-0

[Event "Madrid-ch superveteranos 2016/2017"]
[Site "Madrid ESP"]
[Date "2017.01.26"]
[Round "5.13"]
[White "Poblador Dieguez, Alfredo"]
[Black "Beekhof Harmsen, Willen"]
[Result "0-1"]
[WhiteElo "1576"]
[BlackElo "1555"]
[PlyCount "66"]
[EventDate "2017.01.20"]
[EventType "swiss"]
[EventRounds "7"]
[EventCountry "ESP"]
[SourceTitle "Ajedrez en Madrid"]
[Source "lmi"]
[SourceDate "2017.01.20"]
[SourceVersion "1"]
[SourceVersionDate "2017.01.31"]
[SourceQuality "1"]

1. d4 Nf6 2. c4 g6 3. Nc3 d5 4. Bf4 Bg7 5. Nb5 Na6 6. c5 c6 7. Nc3 O-O 8. h3
Nh5 9. Bh2 f5 10. a3 Re8 11. Nf3 Nf6 12. e3 b6 13. b4 bxc5 14. Ne5 cxb4 15.
axb4 Nxb4 16. Qa4 a5 17. Nxc6 Nxc6 18. Qxc6 Bd7 19. Qc5 e6 20. Na4 Ne4 21. Qc2
Bf8 22. Bd3 Bb4+ 23. Ke2 Rc8 24. Qb3 Bxa4 25. Rxa4 Nc3+ 26. Kf3 Nxa4 27. Qxa4
Rc3 28. Qb5 Qc8 29. g4 fxg4+ 30. hxg4 Rf8+ 31. Kg2 Rf7 32. Be5 Rb7 33. Qa6 Rc6
0-1

[Event "Madrid-ch superveteranos 2016/2017"]
[Site "Madrid ESP"]
[Date "2017.01.26"]
[Round "5.14"]
[White "De Juan Rivas, Antonio"]
[Black "Perez Carballeira, Francisco"]
[Result "0-1"]
[WhiteElo "1682"]
[BlackElo "1448"]
[PlyCount "114"]
[EventDate "2017.01.20"]
[EventType "swiss"]
[EventRounds "7"]
[EventCountry "ESP"]
[SourceTitle "Ajedrez en Madrid"]
[Source "lmi"]
[SourceDate "2017.01.20"]
[SourceVersion "1"]
[SourceVersionDate "2017.01.31"]
[SourceQuality "1"]

1. f4 d5 2. Nf3 Nf6 3. e3 Bf5 4. b3 Nbd7 5. Bd3 e6 6. Be2 Be7 7. O-O c5 8. d3
Qb6 9. Bb2 Qc7 10. Ne5 Bg6 11. Nd2 Nxe5 12. fxe5 Nd7 13. Nf3 O-O-O 14. c4 Nb6
15. Rc1 dxc4 16. bxc4 Qd7 17. d4 Qa4 18. Qxa4 Nxa4 19. Ba3 Rhe8 20. Bd1 Nb6 21.
dxc5 Nd7 22. Ba4 Be4 23. Nd2 Bg6 24. Bb4 Rf8 25. Ba5 b6 26. cxb6 axb6 27. Bc3
Bc5 28. Bxd7+ Kxd7 29. Rf3 Ra8 30. Ra1 Ra3 31. Nb3 Kc6 32. Bd4 Rfa8 33. Rf2
R3a4 34. Bxc5 bxc5 35. Rc1 Rxa2 36. Rd2 Rxd2 37. Nxd2 Ra2 38. Nf3 Rc2 39. Rxc2
Bxc2 40. Kf2 h6 41. Nd2 f6 42. exf6 gxf6 43. Kf3 Kd6 44. e4 Bd1+ 45. Kf4 Be2
46. h3 Bd1 47. g4 h5 48. g5 fxg5+ 49. Kxg5 Ke5 50. h4 Kd4 51. Kf4 Bg4 52. e5
Be2 53. Ne4 Kxc4 54. Ke3 Bd1 55. Nf2 Bc2 56. Kd2 Bf5 57. Nd1 Kd4 0-1

[Event "Madrid-ch superveteranos 2016/2017"]
[Site "Madrid ESP"]
[Date "2017.01.26"]
[Round "5.15"]
[White "Fernandez-Bujarrabal V., Pedro"]
[Black "Diaz Begonte, Manuel"]
[Result "1/2-1/2"]
[WhiteElo "1606"]
[BlackElo "1658"]
[PlyCount "107"]
[EventDate "2017.01.20"]
[EventType "swiss"]
[EventRounds "7"]
[EventCountry "ESP"]
[SourceTitle "Ajedrez en Madrid"]
[Source "lmi"]
[SourceDate "2017.01.20"]
[SourceVersion "1"]
[SourceVersionDate "2017.01.31"]
[SourceQuality "1"]

1. e4 d5 2. exd5 Nf6 3. Nc3 Nxd5 4. Nxd5 Qxd5 5. Nf3 Nc6 6. d3 g6 7. c3 Bg7 8.
Be3 O-O 9. Qd2 Bf5 10. Be2 e5 11. O-O Rad8 12. Rad1 Qxa2 13. Bh6 e4 14. Nh4 Qe6
15. Bxg7 Kxg7 16. Nxf5+ Qxf5 17. Qc2 exd3 18. Bxd3 Qc5 19. Rfe1 Rd6 20. b4 Qb6
21. b5 Nd8 22. c4 Ne6 23. Re5 Nc5 24. Be2 Re6 25. Rxe6 Qxe6 26. Qc3+ Qf6 27.
Qe3 b6 28. Bf3 a5 29. bxa6 Nxa6 30. h3 Nc5 31. Rd4 Rd8 32. Rf4 Qa1+ 33. Kh2 Ne6
34. Rh4 h5 35. g4 Qf6 36. Kg3 Qd4 37. gxh5 Qxe3 38. fxe3 g5 39. Re4 Rd6 40. Bg4
Kh6 41. Re5 Ng7 42. h4 Nxh5+ 43. Bxh5 Kxh5 44. Rxg5+ Kh6 45. Rf5 Rc6 46. Rf4
Kg6 47. Kg4 Rc5 48. Rd4 f5+ 49. Kf4 b5 50. cxb5 Rxb5 51. Kg3 Re5 52. Kf4 Rc5
53. e4 fxe4 54. Rxe4 1/2-1/2

[Event "Madrid-ch superveteranos 2016/2017"]
[Site "Madrid ESP"]
[Date "2017.01.26"]
[Round "5.16"]
[White "Arroyo Fraile, Mario"]
[Black "Martinez Carrasco, Jesus"]
[Result "1-0"]
[WhiteElo "1552"]
[BlackElo "1636"]
[PlyCount "103"]
[EventDate "2017.01.20"]
[EventType "swiss"]
[EventRounds "7"]
[EventCountry "ESP"]
[SourceTitle "Ajedrez en Madrid"]
[Source "lmi"]
[SourceDate "2017.01.20"]
[SourceVersion "1"]
[SourceVersionDate "2017.01.31"]
[SourceQuality "1"]

1. c4 e5 2. Nc3 Nf6 3. g3 d6 4. Bg2 Nc6 5. Rb1 a5 6. d3 g6 7. Nf3 Bg7 8. O-O
O-O 9. Bg5 h6 10. Bd2 Re8 11. Qc1 Kh7 12. b4 Nxb4 13. a3 Nc6 14. h3 Rb8 15. Kh2
Bd7 16. e4 b6 17. Nb5 Ne7 18. Ne1 Be6 19. a4 Nd7 20. f4 exf4 21. Rxf4 g5 22.
Rf1 Ne5 23. Nd4 Bd7 24. Nb5 Rf8 25. Qd1 Ng8 26. Qh5 Nf6 27. Qe2 Bc6 28. d4 Ng6
29. d5 Bd7 30. Nc2 Ne5 31. Ncd4 Ne8 32. Nf5 Bxf5 33. Rxf5 Qd7 34. Rbf1 c6 35.
dxc6 Qxc6 36. Bc3 f6 37. Bxe5 dxe5 38. Rd1 Rf7 39. Rf3 Rd7 40. Rxd7 Qxd7 41.
Rd3 Qc6 42. Rd5 Rc8 43. Bf1 Qe6 44. Qd1 f5 45. exf5 Qxf5 46. Bd3 Qxd3 47. Qxd3+
Kh8 48. Nd6 Nxd6 49. Rxd6 e4 50. Qxe4 Rf8 51. Qe2 Kg8 52. Re6 1-0

[Event "Madrid-ch superveteranos 2016/2017"]
[Site "Madrid ESP"]
[Date "2017.01.26"]
[Round "5.17"]
[White "Perez Cristobal, Alberto"]
[Black "Osanz Diaz, Francisco"]
[Result "1/2-1/2"]
[WhiteElo "1598"]
[BlackElo "1622"]
[PlyCount "55"]
[EventDate "2017.01.20"]
[EventType "swiss"]
[EventRounds "7"]
[EventCountry "ESP"]
[SourceTitle "Ajedrez en Madrid"]
[Source "lmi"]
[SourceDate "2017.01.20"]
[SourceVersion "1"]
[SourceVersionDate "2017.01.31"]
[SourceQuality "1"]

1. e4 c5 2. Nf3 Nc6 3. Bb5 h6 4. Nc3 a6 5. Bxc6 bxc6 6. d3 d6 7. h3 e5 8. O-O
Nf6 9. Ne2 Be7 10. Ng3 Be6 11. c4 Qc7 12. b3 Rd8 13. Bb2 O-O 14. Qe2 Qd7 15.
Rad1 Nh7 16. Bc1 f5 17. exf5 Bxf5 18. Nxf5 Rxf5 19. Nh2 Rdf8 20. Qg4 Kh8 21.
Qe2 Qe8 22. Rde1 Qg6 23. Qg4 Qe6 24. f4 Qf7 25. fxe5 dxe5 26. Rxf5 Qxf5 27.
Qxf5 Rxf5 28. Nf3 1/2-1/2

[Event "Madrid-ch superveteranos 2016/2017"]
[Site "Madrid ESP"]
[Date "2017.01.27"]
[Round "6.1"]
[White "Pastor Alonso de Prado, Emilio Alberto"]
[Black "Corredor Gonzalez, Angel L"]
[Result "1-0"]
[WhiteElo "2113"]
[BlackElo "1708"]
[PlyCount "43"]
[EventDate "2017.01.20"]
[EventType "swiss"]
[EventRounds "7"]
[EventCountry "ESP"]
[SourceTitle "Ajedrez en Madrid"]
[Source "lmi"]
[SourceDate "2017.01.20"]
[SourceVersion "1"]
[SourceVersionDate "2017.01.31"]
[SourceQuality "1"]

1. e4 d5 2. exd5 Nf6 3. Nf3 Bg4 4. d4 Nxd5 5. c4 Nf6 6. Be2 e6 7. O-O c5 8. Be3
Qb6 9. Nc3 Nbd7 10. a3 Rd8 11. d5 Bxf3 12. Bxf3 Ne5 13. Qa4+ Rd7 14. b4 Nxf3+
15. gxf3 Be7 16. bxc5 Bxc5 17. Rab1 Qd6 18. Bxc5 Qxc5 19. Rxb7 Qc8 20. dxe6
fxe6 21. Ne4 Ke7 22. Qb4+ 1-0

[Event "Madrid-ch superveteranos 2016/2017"]
[Site "Madrid ESP"]
[Date "2017.01.27"]
[Round "6.2"]
[White "Estrada Martinez, Cesar"]
[Black "Perez Pascual, Arturo"]
[Result "1-0"]
[WhiteElo "2067"]
[BlackElo "1895"]
[PlyCount "31"]
[EventDate "2017.01.20"]
[EventType "swiss"]
[EventRounds "7"]
[EventCountry "ESP"]
[SourceTitle "Ajedrez en Madrid"]
[Source "lmi"]
[SourceDate "2017.01.20"]
[SourceVersion "1"]
[SourceVersionDate "2017.01.31"]
[SourceQuality "1"]

1. c4 c6 2. d4 d5 3. Nc3 Nf6 4. Bg5 e6 5. e3 Nbd7 6. Nf3 Qa5 7. Bh4 Ne4 8. Qb3
Bb4 9. Rc1 Nb6 10. Nd2 Nxd2 11. Kxd2 dxc4 12. Bxc4 Nxc4+ 13. Qxc4 O-O 14. a3
Bd6 15. Bg3 Bxg3 16. hxg3 1-0

[Event "Madrid-ch superveteranos 2016/2017"]
[Site "Madrid ESP"]
[Date "2017.01.27"]
[Round "6.3"]
[White "Mayer Schwartz, Rene"]
[Black "Garcia Esteban, Ignacio"]
[Result "1/2-1/2"]
[WhiteElo "2032"]
[BlackElo "1851"]
[PlyCount "62"]
[EventDate "2017.01.20"]
[EventType "swiss"]
[EventRounds "7"]
[EventCountry "ESP"]
[SourceTitle "Ajedrez en Madrid"]
[Source "lmi"]
[SourceDate "2017.01.20"]
[SourceVersion "1"]
[SourceVersionDate "2017.01.31"]
[SourceQuality "1"]

1. Nf3 Nf6 2. c4 g6 3. g3 Bg7 4. Bg2 d5 5. O-O O-O 6. cxd5 Nxd5 7. d4 Nf6 8.
Nc3 c6 9. h3 Nd5 10. e4 Nxc3 11. bxc3 c5 12. Be3 cxd4 13. cxd4 Nc6 14. Rb1 Qa5
15. Qb3 Qd8 16. Rfd1 Na5 17. Qb4 Nc6 18. Qc5 Qe8 19. d5 Ne5 20. Nxe5 Bxe5 21.
Bh6 b6 22. Qa3 Bg7 23. Bxg7 Kxg7 24. Rbc1 Qd8 25. e5 a5 26. d6 Ra7 27. dxe7
Qxe7 28. Qb2 Qb4 29. Qa1 Be6 30. a3 Qe7 31. Rd6 b5 1/2-1/2

[Event "Madrid-ch superveteranos 2016/2017"]
[Site "Madrid ESP"]
[Date "2017.01.27"]
[Round "6.4"]
[White "Cupeiro Fernandez, Manuel"]
[Black "Ciuro Munoz, Ricardo"]
[Result "0-1"]
[WhiteElo "1525"]
[BlackElo "2015"]
[PlyCount "88"]
[EventDate "2017.01.20"]
[EventType "swiss"]
[EventRounds "7"]
[EventCountry "ESP"]
[SourceTitle "Ajedrez en Madrid"]
[Source "lmi"]
[SourceDate "2017.01.20"]
[SourceVersion "1"]
[SourceVersionDate "2017.01.31"]
[SourceQuality "1"]

1. e4 e6 2. d4 d5 3. e5 c5 4. c3 Qb6 5. Nf3 Nc6 6. Be2 cxd4 7. cxd4 Nh6 8. O-O
Nf5 9. Be3 Qxb2 10. Nbd2 Be7 11. Nb3 Nxe3 12. fxe3 Qc3 13. Qd2 Qxd2 14. Nbxd2
Bd7 15. e4 dxe4 16. Nxe4 Nb4 17. a4 a6 18. Rfc1 Bc6 19. Nc5 O-O 20. g3 b6 21.
Nb3 Rac8 22. h4 Bb7 23. Ne1 Rxc1 24. Rxc1 Rc8 25. Rxc8+ Bxc8 26. Nd3 Bb7 27.
Nxb4 Bxb4 28. Kf2 f6 29. exf6 gxf6 30. Bc4 Kf7 31. g4 Ke7 32. h5 h6 33. Ke3 Kd6
34. Nd2 Bxd2+ 35. Kxd2 a5 36. Be2 Bc6 37. Bd1 b5 38. axb5 Bxb5 39. Kc3 Bf1 40.
Bf3 e5 41. dxe5+ Kxe5 42. Kb3 Bb5 43. Bd1 Kf4 44. Kc3 Bd7 0-1

[Event "Madrid-ch superveteranos 2016/2017"]
[Site "Madrid ESP"]
[Date "2017.01.27"]
[Round "6.5"]
[White "Campos Calvo-Sotelo, Juan"]
[Black "Ortega Morales, Pedro"]
[Result "1/2-1/2"]
[WhiteElo "1896"]
[BlackElo "1748"]
[PlyCount "92"]
[EventDate "2017.01.20"]
[EventType "swiss"]
[EventRounds "7"]
[EventCountry "ESP"]
[SourceTitle "Ajedrez en Madrid"]
[Source "lmi"]
[SourceDate "2017.01.20"]
[SourceVersion "1"]
[SourceVersionDate "2017.01.31"]
[SourceQuality "1"]

1. e4 e5 2. Nf3 Nc6 3. Bc4 Bc5 4. b4 Bxb4 5. c3 Ba5 6. Qb3 Qe7 7. O-O Bb6 8. d4
d6 9. dxe5 dxe5 10. Ba3 Qf6 11. Bb5 Nge7 12. c4 a6 13. Ba4 Rb8 14. Nc3 Bd7 15.
Nd5 Nxd5 16. exd5 Nd4 17. Bxd7+ Kxd7 18. Nxd4 Bxd4 19. Qh3+ Kd8 20. Rab1 g6 21.
Rb3 Qf5 22. g4 Qd7 23. Qh4+ Ke8 24. Qf6 Rg8 25. h3 Qd8 26. Qf3 h5 27. Rd3 hxg4
28. hxg4 c5 29. dxc6 bxc6 30. Re1 f6 31. Bc5 Kf7 32. g5 f5 33. Qg2 Bxf2+ 34.
Bxf2 Qxd3 35. Qxc6 Qd8 36. Rxe5 Rb1+ 37. Re1 Rxe1+ 38. Bxe1 Qxg5+ 39. Kf1 Qf4+
40. Bf2 Rb8 41. Qd5+ Kf6 42. Qd3 Kg5 43. c5 Rb2 44. Qd8+ Kg4 45. Qh4+ Kf3 46.
Qh1+ Kg4 1/2-1/2

[Event "Madrid-ch superveteranos 2016/2017"]
[Site "Madrid ESP"]
[Date "2017.01.27"]
[Round "6.6"]
[White "Albo Benarroch, Angel"]
[Black "Fernandez Garcia, Ignacio"]
[Result "0-1"]
[WhiteElo "1784"]
[BlackElo "1833"]
[PlyCount "126"]
[EventDate "2017.01.20"]
[EventType "swiss"]
[EventRounds "7"]
[EventCountry "ESP"]
[SourceTitle "Ajedrez en Madrid"]
[Source "lmi"]
[SourceDate "2017.01.20"]
[SourceVersion "1"]
[SourceVersionDate "2017.01.31"]
[SourceQuality "1"]

1. e4 e6 2. Nf3 d5 3. exd5 exd5 4. d4 Nf6 5. Bg5 Be7 6. Be2 Bf5 7. O-O O-O 8.
Nc3 c6 9. a3 Nbd7 10. Re1 Re8 11. Nh4 Bg6 12. Nxg6 hxg6 13. Qd2 Bd6 14. Bf4 Qc7
15. Bxd6 Qxd6 16. Bf3 b5 17. Rxe8+ Rxe8 18. Re1 Rxe1+ 19. Qxe1 b4 20. Nb1 bxa3
21. Nxa3 Qf4 22. Qe3 Qb8 23. b3 Qb4 24. Nb1 a5 25. Qd2 Nf8 26. Qxb4 axb4 27. c4
bxc3 28. Nxc3 Ne6 29. Bd1 Nxd4 30. b4 Kf8 31. f3 Ke7 32. Kf2 Kd6 33. Ke3 Nf5+
34. Kd3 Nd7 35. f4 Nb6 36. g4 Ne7 37. Bb3 Nd7 38. h3 Nc8 39. Kd4 Ncb6 40. Kd3
Nb8 41. Na2 Na6 42. Kd4 Nd7 43. Bc2 Nf8 44. Bd3 Nxb4 45. Nxb4 c5+ 46. Kc3 cxb4+
47. Kxb4 Ne6 48. f5 Nf4 49. Bc2 g5 50. Bd1 Nxh3 51. Kc3 Ke5 52. Kd2 Nf2 53. Bf3
Ne4+ 54. Ke3 Nc5 55. Bd1 f6 56. Bf3 d4+ 57. Kd2 Kf4 58. Bd1 Ne4+ 59. Ke2 Nc3+
60. Kd2 Nxd1 61. Kxd1 Kxg4 62. Kd2 Kf4 63. Kd3 Ke5 0-1

[Event "Madrid-ch superveteranos 2016/2017"]
[Site "Madrid ESP"]
[Date "2017.01.27"]
[Round "6.7"]
[White "Leniz Martinez, Francisco"]
[Black "Martinez Rubio, Felipe"]
[Result "1/2-1/2"]
[WhiteElo "1721"]
[BlackElo "1706"]
[PlyCount "58"]
[EventDate "2017.01.20"]
[EventType "swiss"]
[EventRounds "7"]
[EventCountry "ESP"]
[SourceTitle "Ajedrez en Madrid"]
[Source "lmi"]
[SourceDate "2017.01.20"]
[SourceVersion "1"]
[SourceVersionDate "2017.01.31"]
[SourceQuality "1"]

1. Nf3 d5 2. c4 e6 3. d4 c6 4. e3 Nf6 5. Bd3 Bd6 6. O-O Nbd7 7. Nbd2 h6 8. Qc2
O-O 9. b3 Re8 10. Bb2 b6 11. e4 Nxe4 12. Nxe4 dxe4 13. Bxe4 Bb7 14. Ne5 Rc8 15.
Bh7+ Kf8 16. Be4 Nf6 17. Bf3 Qc7 18. h3 c5 19. Bxb7 Qxb7 20. Qe2 cxd4 21. Bxd4
Rc7 22. Rad1 Bc5 23. Rd3 Bxd4 24. Rxd4 Rc5 25. Rfd1 Rc7 26. Qe3 Kg8 27. Rd8 Rc8
28. Rxe8+ Rxe8 29. Qd4 Qc7 1/2-1/2

[Event "Madrid-ch superveteranos 2016/2017"]
[Site "Madrid ESP"]
[Date "2017.01.27"]
[Round "6.8"]
[White "Rodriguez Bachiller, Luis"]
[Black "Perez Cameselle, Francisco Jose"]
[Result "0-1"]
[WhiteElo "1657"]
[BlackElo "1790"]
[PlyCount "50"]
[EventDate "2017.01.20"]
[EventType "swiss"]
[EventRounds "7"]
[EventCountry "ESP"]
[SourceTitle "Ajedrez en Madrid"]
[Source "lmi"]
[SourceDate "2017.01.20"]
[SourceVersion "1"]
[SourceVersionDate "2017.01.31"]
[SourceQuality "1"]

1. d4 f5 2. g3 Nf6 3. Bg2 e6 4. Nf3 Be7 5. c4 O-O 6. Nc3 d6 7. Qc2 Na6 8. a3 c5
9. Bd2 Qe8 10. Nb5 Ne4 11. dxc5 Nexc5 12. b4 Ne4 13. Be3 Bd7 14. Nc3 Nxc3 15.
Qxc3 Bf6 16. Nd4 Bc6 17. Bxc6 bxc6 18. Qd2 c5 19. Nb3 Bxa1 20. Nxa1 Rd8 21. b5
Nc7 22. Qa5 Qf7 23. b6 axb6 24. Qxb6 Rb8 25. Qxd6 Rb1+ 0-1

[Event "Madrid-ch superveteranos 2016/2017"]
[Site "Madrid ESP"]
[Date "2017.01.27"]
[Round "6.9"]
[White "Alvarez Escudero, Manuel"]
[Black "Beekhof Harmsen, Willen"]
[Result "1/2-1/2"]
[WhiteElo "1782"]
[BlackElo "1555"]
[PlyCount "75"]
[EventDate "2017.01.20"]
[EventType "swiss"]
[EventRounds "7"]
[EventCountry "ESP"]
[SourceTitle "Ajedrez en Madrid"]
[Source "lmi"]
[SourceDate "2017.01.20"]
[SourceVersion "1"]
[SourceVersionDate "2017.01.31"]
[SourceQuality "1"]

1. e4 g6 2. d4 Bg7 3. Nf3 c6 4. Bc4 d5 5. exd5 cxd5 6. Bb5+ Nc6 7. Ne5 Bd7 8.
Nxd7 Qxd7 9. c3 a6 10. Ba4 b5 11. Bb3 Nf6 12. O-O O-O 13. Re1 Rfe8 14. Nd2 e5
15. dxe5 Nxe5 16. h3 Nd3 17. Rxe8+ Rxe8 18. Nf3 Ne5 19. Nxe5 Rxe5 20. Bf4 Re4
21. Be3 Re6 22. Bd4 Rd6 23. Be5 Re6 24. Bxf6 Bxf6 25. Qxd5 Rd6 26. Qf3 Bg7 27.
Re1 Rf6 28. Qa8+ Bf8 29. Bd5 Kg7 30. Bf3 Qd2 31. Re2 Qc1+ 32. Kh2 Qf4+ 33. Kg1
Bd6 34. g3 Qxf3 35. Qxf3 Rxf3 36. Kg2 Rf6 37. Rd2 Bc5 38. f4 1/2-1/2

[Event "Madrid-ch superveteranos 2016/2017"]
[Site "Madrid ESP"]
[Date "2017.01.27"]
[Round "6.11"]
[White "Martin Rodriguez, Jose Luis"]
[Black "Cruz Gonzalez, Antonio"]
[Result "0-1"]
[WhiteElo "1327"]
[BlackElo "1817"]
[PlyCount "92"]
[EventDate "2017.01.20"]
[EventType "swiss"]
[EventRounds "7"]
[EventCountry "ESP"]
[SourceTitle "Ajedrez en Madrid"]
[Source "lmi"]
[SourceDate "2017.01.20"]
[SourceVersion "1"]
[SourceVersionDate "2017.01.31"]
[SourceQuality "1"]

1. c4 d6 2. Nc3 Nf6 3. Nf3 g6 4. g3 Bg7 5. Bg2 e5 6. d3 O-O 7. O-O a5 8. Bg5 h6
9. Bd2 c6 10. Qb3 Nbd7 11. Rab1 Nc5 12. Qc2 Re8 13. Rfe1 e4 14. dxe4 Nfxe4 15.
Nxe4 Nxe4 16. Be3 Bf5 17. Nd4 Nxg3 18. Nxf5 Nxf5 19. Bf4 Qf6 20. Qd2 g5 21. Bg3
Nxg3 22. hxg3 Re5 23. Rbd1 Bf8 24. Qc3 d5 25. cxd5 Bb4 26. Qf3 Qxf3 27. Bxf3
Bxe1 28. Rxe1 cxd5 29. Kf1 Rc8 30. Rd1 Rc5 31. e4 dxe4 32. Rd8+ Kg7 33. Bh5 Rc7
34. Be2 e3 35. f3 Rc1+ 36. Rd1 Rxd1+ 37. Bxd1 f5 38. Ke2 f4 39. g4 Rd5 40. Bb3
Rd2+ 41. Ke1 Rxb2 42. Bd5 Kf6 43. Bc4 b5 44. Bd5 Ke5 45. Bb3 a4 46. Bf7 Kd4 0-1